000 00990nam a22002417a 4500
003 OSt
005 20220629112919.0
008 220623b |||||||| |||| 00| 0 eng d
020 _aT261
040 _cSTCPL
041 _aMAL
082 _a894.812
_bSUB -G
100 _aSubin Jose K.
110 _aby D. Rejikumar
111 _aMahatma Gandhi University kottayam,Department of malayalam,St thomas colleage palai
245 _aGothrajeevithavum paristhithikavabodhavum :
_bP. Valsalayudeyum Narayanteyum kathakale adisthanamakkiyulla padanam /
_cby Subin Jose K.
_hഗോത്രജീവിതവും പാരിസ്ഥിതികാവബോധവും : പി. വത്സലയുടെയും നാരായന്റെയും കഥകളെ അടിസ്ഥാനമാക്കിയുള്ള പഠനം
260 _aPala :
_cNovember 2020
300 _a350 p.
_bHB
650 _aMalayalam
942 _cTHE
942 _2ddc
942 _2ddc
_n0
999 _c75794
_d75794